Park life (Record no. 117955)

MARC details
000 -LEADER
fixed length control field 01159cam a2200229 4500
001 - CONTROL NUMBER
control field WB@3612-585
008 - FIXED-LENGTH DATA ELEMENTS--GENERAL INFORMATION
fixed length control field 040903n2004 000 0 eng u
035 ## - SYSTEM CONTROL NUMBER
System control number (Sirsi) u127264
245 ## - TITLE STATEMENT
Title Park life
260 ## - PUBLICATION, DISTRIBUTION, ETC.
Date of publication, distribution, etc. 2004
490 ## - SERIES STATEMENT
Series statement CABE Press Release
Volume/sequential designation 1 September 2004 (3)
520 ## - SUMMARY, ETC.
Summary, etc. New research published by CABE has found that council parks departments are facing a staffing crisis, as many skilled parks workers approach retirement, with few younger people being trained to replace them. "Parks need people need parks" shows that this skills shortage is affecting staff from senior management to operational levels. The workforce is an ageing one, with 68% over 40 and 92% over 30 years old and around 60% of staff have been in the same post for more than a decade. A summary of the report can be viewed at: http://www.cabe.org.uk/data/pdfs/Parks_need_people .pdf. http://www.cabe.org.uk/news/press/showPRelease.asp ?id=660
590 ## - LOCAL NOTE (RLIN)
Local note WB
590 ## - LOCAL NOTE (RLIN)
Local note WB
650 ## - SUBJECT ADDED ENTRY--TOPICAL TERM
Topical term or geographic name entry element PUBLIC PARKS
650 ## - SUBJECT ADDED ENTRY--TOPICAL TERM
Topical term or geographic name entry element GREEN SPACES
650 ## - SUBJECT ADDED ENTRY--TOPICAL TERM
Topical term or geographic name entry element PARKLAND
650 ## - SUBJECT ADDED ENTRY--TOPICAL TERM
Topical term or geographic name entry element STAFFING
650 ## - SUBJECT ADDED ENTRY--TOPICAL TERM
Topical term or geographic name entry element RESOURCES
690 ## - LOCAL SUBJECT ADDED ENTRY--TOPICAL TERM (OCLC, RLIN)
Topical term or geographic name as entry element LEISURE AND RECREATION
942 ## - ADDED ENTRY ELEMENTS (KOHA)
Suppress in OPAC 0
Holdings
Withdrawn status Lost status Source of classification or shelving scheme Damaged status Not for loan Home library Current library Shelving location Date acquired Total Checkouts Full call number Barcode Date last seen Copy number Price effective from Koha item type
    Dewey Decimal Classification     London London News article 03/09/2004   WB403421 127264-1001 06/08/2019 1 06/08/2019 News article